|
|
|
|
| LEADER |
00000nab#a22000007a#4500 |
| 001 |
arbauad026946 |
| 003 |
AR-BaUAD |
| 005 |
20250711112221.0 |
| 008 |
970523|||||||||###||||||b###|0###a|spa|| |
| 040 |
|
|
|a AR-BaUAD
|c AR-BaUAD
|b spa
|
| 100 |
|
|
|a Uboldi, Adalisa
|
| 245 |
|
|
|a Indirizzario aziende /
|c Adalisa Uboldi;
|
| 500 |
|
|
|a En portada: Casa, Luce, Tessuti 1997.
|
| 653 |
|
|
|a ITALIA
|
| 653 |
|
|
|a OBRAS DE REFERENCIA
|
| 653 |
|
|
|a DIRECTORIOS
|
| 653 |
|
|
|a ESTUDIOS
|
| 653 |
|
|
|a EMPRESAS
|
| 653 |
|
|
|a DISEÑO INDUSTRIAL
|
| 773 |
0 |
|
|t INTERNI ANNUAL CASA
|g LUCE, TESSUTI, no. 3 [dic. 1996], p. 139-143
|
| 942 |
|
|
|c ARTI
|
| 952 |
|
|
|0 0
|1 0
|4 0
|7 0
|9 71865
|a AR-BAuAD
|b AR-BAuAD
|d 2025-07-11
|l 0
|p AAQA026946
|r 2025-07-11 11:22:21
|w 2025-07-11
|y ARTI
|
| 990 |
|
|
|a DI199
|b TD
|
| 998 |
|
|
|a AAQ
|b BIBUN76
|
| 999 |
|
|
|c 51538
|d 51538
|